000 00875cam a2200325 4500500
005 20260329003941.0
041 _afre
042 _adc
100 1 0 _aKrempp, Guillaume
_eauthor
245 0 0 _aRepérages/Octobre 2017
260 _c2017.
500 _a9
690 _aCatholicisme
690 _aEmmanuel Macron
690 _aFainéant
690 _aGaïa
690 _aIrma
690 _aJames Lovelock
690 _aLuther
690 _aMartin Duru
690 _aMartin Legros
690 _aNature
690 _aPAul LAafargue
690 _aProtestantisme
690 _aRégis Debray
690 _aTranshumanisme
690 _aViolence Conjugale
786 0 _nPhilosophie magazine | 113 | 10 | 2017-10-01 | p. 4-4 | 1951-1787
856 4 1 _uhttps://shs.cairn.info/magazine-philosophie-magazine-2017-10-page-4?lang=fr&redirect-ssocas=7080
999 _c1829230
_d1829230